[Event "CRO Women Champ"]
[Site "Malinska"]
[Date "2017.05.12"]
[Round "7.2"]
[White "Vukajlovic, Zorana"]
[Black "Berke, Ana"]
[Result "0-1"]
[WhiteElo "1727"]
[BlackElo "2141"]
[PlyCount "110"]
[EventDate "2017.??.??"]
[WhiteClock "1:29:00"]
[BlackClock "1:30:00"]

1. e4 c5 2. Nf3 d6 3. d4 cxd4 4. Nxd4 Nf6 5. Nc3 Nc6 6. Be3 Ng4 7. Bc1 Qb6 8.
Bb5 Bd7 9. Bxc6 bxc6 10. O-O g6 11. h3 Ne5 12. Rb1 Bg7 13. Be3 Nc4 14. Nf5 Nxe3
15. Nxe3 O-O 16. Qd2 Rab8 17. Rfd1 Qb4 18. f3 Qc5 19. Na4 Qb4 20. Qxb4 Rxb4 21.
b3 Rfb8 22. Kf2 f5 23. exf5 Bxf5 24. Nxf5 gxf5 25. c4 c5 26. Nb2 Bd4+ 27. Kf1
e5 28. Nd3 R4b7 29. Ne1 a5 30. Nc2 Kf7 31. Na3 Ke6 32. Nb5 h5 33. Re1 Ra8 34.
Re2 Rg7 35. Rd1 Kd7 36. Nxd4 cxd4 37. c5 f4 38. Rde1 Re7 39. Re4 Rc8 40. cxd6
Kxd6 41. Rd1 Rc2 42. Re2 Rec7 43. Rdd2 Rxd2 44. Rxd2 Kd5 45. Kf2 h4 46. Ke2 Rc3
47. Rd3 Rc1 48. Rd2 Kc5 49. a3 Ra1 50. b4+ axb4 51. axb4+ Kxb4 52. Kd3 Re1 53.
Re2 Rxe2 54. Kxe2 Kc3 55. Ke1 Kc2 0-1

[Event "CRO Women Champ"]
[Site "Malinska"]
[Date "2017.05.12"]
[Round "7.3"]
[White "Bogdanic, Katarina"]
[Black "Cvitan, Ena"]
[Result "1/2-1/2"]
[WhiteElo "1951"]
[BlackElo "2281"]
[PlyCount "98"]
[EventDate "2017.??.??"]
[WhiteClock "1:30:00"]
[BlackClock "1:29:00"]

1. c4 e6 2. Nf3 d5 3. g3 Nf6 4. d4 Bb4+ 5. Bd2 Be7 6. Bg2 O-O 7. O-O Nbd7 8.
cxd5 exd5 9. Nc3 c6 10. Qc2 Re8 11. Rfe1 Bd6 12. Rad1 Nf8 13. Bg5 Bb4 14. Bxf6
Qxf6 15. a3 Bf5 16. Qc1 Bxc3 17. Qxc3 a5 18. Ne5 Qd6 19. Qb3 f6 20. Nd3 Ne6 21.
Qc3 Nc7 22. Qc5 Nb5 23. a4 Qxc5 24. Nxc5 Nd6 25. e3 Kf7 26. h3 h5 27. Kh2 g5
28. Re2 g4 29. h4 b6 30. Nd3 Bxd3 31. Rxd3 Rac8 32. Rc2 Ke7 33. Rdc3 Kd7 34.
Rb3 Rb8 35. Bf1 f5 36. Bd3 Rec8 37. Kg2 Ke6 38. Rbc3 Kd7 39. Rb3 Rc7 40. Rbc3
Ne4 41. Rb3 Kd6 42. Ra3 c5 43. Ra1 c4 44. Bxe4 fxe4 45. Kf1 b5 46. Ke1 b4 47.
Rac1 c3 48. b3 Rf7 49. Kf1 Ke6 1/2-1/2

[Event "CRO Women Champ"]
[Site "Malinska"]
[Date "2017.05.12"]
[Round "7.4"]
[White "Purgar, Ivona"]
[Black "Spiranec, Noemi"]
[Result "1/2-1/2"]
[WhiteElo "2153"]
[BlackElo "2037"]
[PlyCount "97"]
[EventDate "2017.??.??"]
[WhiteClock "1:30:00"]
[BlackClock "1:30:00"]

1. e4 c5 2. Nf3 e6 3. d4 cxd4 4. Nxd4 a6 5. Bd3 Bc5 6. Nb3 Ba7 7. O-O Nc6 8.
Qe2 d6 9. Rd1 Nge7 10. c4 O-O 11. Nc3 e5 12. Be3 Be6 13. Bxa7 Rxa7 14. Qe3 b6
15. Rd2 Rd7 16. Nd5 Nc8 17. Rad1 Bxd5 18. cxd5 Nb4 19. Bb1 a5 20. Nc1 Na6 21.
Ne2 Nc5 22. Ng3 g6 23. Rc1 Ne7 24. Rc3 Qa8 25. Qh6 f6 26. h4 Qe8 27. Qe3 Qf7
28. Qe2 f5 29. exf5 gxf5 30. Rc1 e4 31. Rcd1 Ng6 32. f3 e3 33. Rd4 f4 34. Nf5
Qf6 35. h5 Qg5 36. hxg6 hxg6 37. Nxe3 Re7 38. Qc2 Rxe3 39. Qxg6+ Qxg6 40. Bxg6
Kg7 41. Bc2 Re2 42. Rc1 Kh6 43. Kf1 Rfe8 44. Rxf4 Rd2 45. Be4 Rxb2 46. Rf6+ Kg5
47. Rg6+ Kh5 48. Rxd6 Nxe4 49. fxe4 1/2-1/2

[Event "CRO Women Champ"]
[Site "Malinska"]
[Date "2017.05.13"]
[Round "8.1"]
[White "Cvitan, Ena"]
[Black "Purgar, Ivona"]
[Result "1-0"]
[WhiteElo "2281"]
[BlackElo "2153"]
[PlyCount "81"]
[EventDate "2017.??.??"]
[WhiteClock "1:26:00"]
[BlackClock "1:30:00"]

1. d4 Nf6 2. c4 e6 3. a3 b6 4. Nc3 Bb7 5. d5 d6 6. e4 Be7 7. g3 O-O 8. Bg2 Nfd7
9. Nge2 Ne5 10. b3 exd5 11. exd5 Bc8 12. O-O Bd7 13. Bb2 Qc8 14. f4 Ng4 15. Qd2
Nh6 16. Ne4 a5 17. Rae1 Na6 18. Qc3 f6 19. Nd4 Bd8 20. b4 Nf5 21. Ne6 Re8 22.
b5 Nc5 23. N4xc5 dxc5 24. Qd3 Nd6 25. g4 Rb8 26. f5 Nf7 27. h4 Be7 28. Qe3 Nd6
29. Qf4 h6 30. Rf3 Bxe6 31. Rxe6 Qd7 32. Rfe3 Bf8 33. g5 hxg5 34. hxg5 fxg5 35.
Qxg5 Nxc4 36. Rh3 Nxb2 37. Qh5 Nc4 38. Qh8+ Kf7 39. Qh5+ Kg8 40. Qh7+ Kf7 41.
Bf3 1-0

[Event "CRO Women Champ"]
[Site "Malinska"]
[Date "2017.05.13"]
[Round "8.2"]
[White "Berke, Ana"]
[Black "Bogdanic, Katarina"]
[Result "1/2-1/2"]
[WhiteElo "2141"]
[BlackElo "1951"]
[PlyCount "81"]
[EventDate "2017.??.??"]
[WhiteClock "1:30:00"]
[BlackClock "1:30:00"]

1. e4 c5 2. Nf3 e6 3. c4 a6 4. Be2 Qc7 5. O-O Nf6 6. Nc3 d6 7. d4 cxd4 8. Nxd4
b6 9. Be3 Bb7 10. f3 Be7 11. Qd2 O-O 12. a4 Nc6 13. Nxc6 Bxc6 14. b4 Nd7 15.
Rfd1 Rfd8 16. a5 bxa5 17. Rxa5 Bb7 18. Bf1 d5 19. exd5 Bxb4 20. Ra4 Bxc3 21.
Qxc3 exd5 22. c5 f6 23. Rh4 Nf8 24. Bd3 Qe5 25. Bd4 Qe7 26. Rg4 Kh8 27. Qc2 Kg8
28. h4 Bc8 29. Rg3 Kh8 30. h5 h6 31. Qc3 Ne6 32. Bb1 Nxd4 33. Qxd4 Qe5 34. Qd3
f5 35. Rg6 d4 36. Qc4 Rb8 37. c6 Qc7 38. Ba2 Rb2 39. Rb1 Rxb1+ 40. Bxb1 a5 41.
Bd3 1/2-1/2

[Event "CRO Women Champ"]
[Site "Malinska"]
[Date "2017.05.13"]
[Round "8.3"]
[White "Raguz, Ivanka"]
[Black "Vukajlovic, Zorana"]
[Result "0-1"]
[WhiteElo "1842"]
[BlackElo "1727"]
[PlyCount "98"]
[EventDate "2017.??.??"]
[WhiteClock "1:30:00"]
[BlackClock "1:30:00"]

1. e4 e5 2. d4 exd4 3. Qxd4 Nc6 4. Qe3 Be7 5. Nc3 Nf6 6. Bd2 d5 7. exd5 Nxd5 8.
Nxd5 Qxd5 9. Nf3 O-O 10. Bd3 Bc5 11. Qf4 Re8+ 12. Kf1 Bd6 13. Qa4 Bd7 14. Qb3
Qxb3 15. axb3 Ne5 16. Be4 c6 17. h4 Nxf3 18. Bxf3 Be5 19. Ra2 Bf5 20. c3 Bd3+
21. Kg1 Bc2 22. b4 a6 23. g4 Bc7 24. Be3 Be4 25. Rh3 Bxf3 26. Rxf3 Re4 27. Rh3
Rxg4+ 28. Kf1 Rd8 29. Ra1 h6 30. Ke2 Re4 31. Rg1 Rde8 32. Kd3 h5 33. Rg5 g6 34.
Rg2 Bd8 35. Bg5 Bxg5 36. Rxg5 Re2 37. Re3 R8xe3+ 38. fxe3 Rxb2 39. Re5 Kf8 40.
Kc4 b6 41. Re4 Rg2 42. Rd4 Rg4 43. e4 Ke7 44. Kb3 Rxh4 45. c4 f5 46. c5 bxc5
47. bxc5 Rxe4 48. Rd6 Re6 49. Rd3 f4 0-1

[Event "CRO Women Champ"]
[Site "Malinska"]
[Date "2017.05.13"]
[Round "8.4"]
[White "Medic, Mirjana"]
[Black "Vujnovic, Patricija"]
[Result "1/2-1/2"]
[WhiteElo "2113"]
[BlackElo "2099"]
[PlyCount "81"]
[EventDate "2017.??.??"]
[WhiteClock "1:30:00"]
[BlackClock "1:30:00"]

1. d4 d6 2. c4 e5 3. dxe5 dxe5 4. Qxd8+ Kxd8 5. Nc3 c6 6. Bg5+ f6 7. O-O-O+ Kc7
8. Bd2 Be6 9. e4 Nd7 10. f4 Bd6 11. f5 Bf7 12. Be2 g6 13. g4 h5 14. g5 fxg5 15.
Bxg5 Nh6 16. fxg6 Bxg6 17. Nf3 Nc5 18. Nh4 Bxe4 19. Rxd6 Nf7 20. Nxe4 Nxe4 21.
Re6 Nexg5 22. Re7+ Kb6 23. Rf1 Rh7 24. b4 a6 25. c5+ Ka7 26. Rf6 Nd8 27. Rxh7
Nxh7 28. Rh6 Nf8 29. Rxh5 Nde6 30. Rxe5 Nf4 31. Bc4 Rd8 32. Kc2 N8g6 33. Nxg6
Nxg6 34. Rg5 Nh4 35. Kc3 Rf8 36. Rh5 Rf3+ 37. Bd3 Ng2 38. Rg5 Nf4 39. Rg3 Nd5+
40. Kd2 Rf2+ 41. Be2 1/2-1/2

[Event "CRO Women Champ"]
[Site "Malinska"]
[Date "2017.05.14"]
[Round "9.1"]
[White "Vukajlovic, Zorana"]
[Black "Medic, Mirjana"]
[Result "0-1"]
[WhiteElo "1727"]
[BlackElo "2113"]
[PlyCount "74"]
[EventDate "2017.??.??"]
[WhiteClock "1:30:00"]
[BlackClock "1:30:00"]

1. e4 e6 2. d4 d5 3. Nd2 Nf6 4. e5 Nfd7 5. Bd3 c5 6. c3 Nc6 7. Ne2 cxd4 8. cxd4
Nb4 9. Bb1 a5 10. O-O Be7 11. Nf3 Nb6 12. a3 Nc6 13. Bd3 a4 14. Bd2 Nc4 15. Qc2
b5 16. Bc3 N6a5 17. Nd2 Bd7 18. Nc1 Rc8 19. Qb1 Qb6 20. Nf3 h6 21. h3 Rc7 22.
Re1 O-O 23. Bf1 b4 24. axb4 Bxb4 25. Qd3 Bxc3 26. bxc3 Nb3 27. Rb1 Rfc8 28. Qd1
Na3 29. Rb2 Rxc3 30. Na2 Rc2 31. Re2 Rxe2 32. Bxe2 Nc4 33. Rb1 Qa5 34. Qd3 Na3
35. Rb2 Bb5 36. Qd1 Bc4 37. Kh2 Nb5 0-1

[Event "CRO Women Champ"]
[Site "Malinska"]
[Date "2017.05.14"]
[Round "9.2"]
[White "Bogdanic, Katarina"]
[Black "Raguz, Ivanka"]
[Result "1-0"]
[WhiteElo "1951"]
[BlackElo "1842"]
[PlyCount "97"]
[EventDate "2017.??.??"]
[WhiteClock "1:30:00"]
[BlackClock "1:30:00"]

1. c4 e5 2. g3 g6 3. Bg2 Bg7 4. Nc3 Nf6 5. Nf3 d6 6. d3 O-O 7. O-O Nc6 8. Rb1
a5 9. a3 Qe7 10. Bg5 Qe8 11. Qd2 Be6 12. b3 Nh5 13. Bh6 f5 14. Bxg7 Kxg7 15.
Nb5 Qe7 16. Qc3 Kg8 17. d4 Bf7 18. dxe5 dxe5 19. Rbd1 e4 20. Ne1 f4 21. Nc2 Be8
22. Nbd4 fxg3 23. fxg3 Rxf1+ 24. Rxf1 Qe5 25. Nb5 Qe7 26. Qe3 Ne5 27. Nc3 a4
28. Nd5 Qd6 29. Bxe4 axb3 30. Qxb3 Bc6 31. Kg2 Re8 32. Rd1 Nf7 33. Bf3 Nf6 34.
Ncb4 Ne4 35. Bxe4 Rxe4 36. Qf3 Qe6 37. Kf1 Rxc4 38. Nxc6 Rxc6 39. Nf4 Qc4 40.
Qe3 Qa6 41. Kg2 Rf6 42. h4 Qc6+ 43. Kh2 Qa6 44. Rd7 Qc4 45. Nd5 Rf1 46. Kg2 Re1
47. Qe8+ Kg7 48. Qxf7+ Kh6 49. Qxh7# 1-0

[Event "CRO Women Champ"]
[Site "Malinska"]
[Date "2017.05.14"]
[Round "9.3"]
[White "Purgar, Ivona"]
[Black "Berke, Ana"]
[Result "1/2-1/2"]
[WhiteElo "2153"]
[BlackElo "2141"]
[PlyCount "76"]
[EventDate "2017.??.??"]
[WhiteClock "1:30:00"]
[BlackClock "1:30:00"]

1. e4 c5 2. Nf3 d6 3. d4 cxd4 4. Nxd4 Nf6 5. Nc3 a6 6. g3 g6 7. Bg2 Bg7 8. O-O
O-O 9. h3 Nc6 10. Be3 Bd7 11. Nd5 Nxd5 12. exd5 Nxd4 13. Bxd4 Bxd4 14. Qxd4 Rc8
15. c3 b5 16. Rfe1 Re8 17. Qa7 Qc7 18. Qe3 e5 19. dxe6 Rxe6 20. Qd2 Bc6 21.
Bxc6 Qxc6 22. Rxe6 fxe6 23. Rd1 Rd8 24. Qg5 Qd7 25. h4 Rf8 26. g4 Qf7 27. Qe3
d5 28. Rd2 Qf6 29. Re2 Re8 30. g5 Qf5 31. Qd4 Rf8 32. Re5 Qf3 33. Qe3 Qg4+ 34.
Kf1 Qd1+ 35. Kg2 Qg4+ 36. Kf1 Qd1+ 37. Kg2 Qg4+ 38. Kf1 Qd1+ 1/2-1/2

[Event "CRO Women Champ"]
[Site "Malinska"]
[Date "2017.05.14"]
[Round "9.4"]
[White "Spiranec, Noemi"]
[Black "Cvitan, Ena"]
[Result "1-0"]
[WhiteElo "2037"]
[BlackElo "2281"]
[PlyCount "95"]
[EventDate "2017.??.??"]
[WhiteClock "1:30:00"]
[BlackClock "1:30:00"]

1. d4 Nf6 2. c4 e6 3. g3 d5 4. Bg2 Be7 5. Nf3 O-O 6. O-O b6 7. Nbd2 Bb7 8. b3
dxc4 9. Nxc4 Nbd7 10. Bb2 Rc8 11. Nfe5 Bxg2 12. Kxg2 Nxe5 13. Nxe5 Qd5+ 14. f3
c5 15. e4 Qb7 16. Qe2 cxd4 17. Bxd4 Rfd8 18. Rad1 b5 19. Rd3 Qc7 20. Bb2 Rxd3
21. Nxd3 a5 22. Ne5 Qb7 23. Rd1 a4 24. Qd3 h6 25. Qe2 a3 26. Bc1 Bb4 27. Nd3
Bf8 28. Be3 Rc7 29. b4 Rc4 30. Bc5 Bxc5 31. Nxc5 Qc7 32. Rb1 Qe5 33. Rb3 Rc3
34. Qd2 Rxb3 35. Nxb3 g5 36. Qd4 Qxd4 37. Nxd4 g4 38. Nxb5 gxf3+ 39. Kxf3 Nd7
40. Nxa3 Nb6 41. Nb5 Na4 42. Ke3 Kg7 43. Kd4 Kf6 44. e5+ Kf5 45. h3 f6 46. Nd6+
Kg6 47. Nc4 f5 48. b5 1-0